000 00756nam a2200253 a 4500
001 BRL_374
005 20190320210718.0
008 050813c1950----mx-o######---#000-0#spa-#
041 _aspa
044 _amx
050 4 _aF1219.3
_b.W47 1950
100 1 _aWestheim, Paul
_96016
245 1 0 _aArte antiguo de México
_cPaul Westheim ; traducción del alemán por Mariana Frenk.
260 _aMéxico
_bFCE
_c1950
300 _a356 p.
_bil. (algunas a color), planos
_c24 cm.
500 _aIncluye índice de ilustraciones
500 _aIncluye dedicatoria del autor
500 _aAu368
650 1 4 _aArte indígena
_zMéxico
_9597
651 4 _aMéxico
_xAntigüedades
_92765
700 1 _aFrenk, Mariana
_etr.
_923696
902 _aGRL
942 _2lcc
_cB
999 _c9187
_d9187